header

After the Asian crises (Record no. 123524)

MARC details
000 -LEADER
fixed length control field 01328nam a2200337 a 4500
082 04 - DEWEY DECIMAL CLASSIFICATION NUMBER
Classification number 330.95
245 00 - TITLE STATEMENT
Title After the Asian crises
260 ## - PUBLICATION, DISTRIBUTION, ETC. (IMPRINT)
Place of publication Basingstoke :
Name of publisher Palgrave,
Year of publication 1999.
300 ## - PHYSICAL DESCRIPTION
Number of Pages xxii, 214 p. :
Other physical details ill.
500 ## - GENERAL NOTE
General note Published in association with the Instituto per gli Studi di Politica Internazionale.
650 #0 - SUBJECT ADDED ENTRY--TOPICAL TERM
Topical Term Financial crises
Topical Term International economic relations.
700 1# - ADDED ENTRY--PERSONAL NAME
Personal name Weber, Maria,
856 40 - ELECTRONIC LOCATION AND ACCESS
Uniform Resource Identifier http://site.ebrary.com/lib/rucke/Doc?id=2003009

No items available.

© 2026 Rongo University
Contact us: librarian | system librarian | Rongo university